[Event "WCC2002"]
[Site "Hyderabad"]
[Date "2002.10.10"]
[Round "1"]
[White "Macieja, Bartlomiej"]
[Black "Iuldachev, Saidali"]
[Result "1/2-1/2"]
[WhiteElo "2615"]
[WhiteCountry "POL"]
[BlackElo "2511"]
[BlackCountry "UZB"]
[Remark "WCC2002"]
[PresId "102"]

1. e4 e5 2. Nf3 Nc6 3. d4 exd4 4. Nxd4 Nf6 5. Nxc6 bxc6 6. e5 Qe7 7.
Qe2 Nd5 8. c4 Ba6 9. b3 O-O-O 10. g3 f6 11. Ba3 Qe8 12. Bxf8 Rxf8 13.
Bg2 Nb4 14. O-O Qxe5 15. Qd2 Qd6 16. Qc3 c5 17. Qf3 c6 18. Rd1 Qe5 19.
Nc3 Nc2 20. Rab1 Rfe8 21. Qd3 Nd4 22. b4 d6 23. Ne4 f5 1/2-1/2
*

[Event "WCC2002"]
[Site "Hyderabad"]
[Date "2002.10.10"]
[Round "1"]
[White "Hamdouchi, Hichem"]
[Black "Kasimdzhanov, Rustam"]
[Result "1/2-1/2"]
[WhiteElo "2593"]
[WhiteCountry "MAR"]
[BlackElo "2653"]
[BlackCountry "UZB"]
[Remark "WCC2002"]
[PresId "108"]

1. e4 c5 2. Nf3 Nc6 3. d4 cxd4 4. Nxd4 Nf6 5. Nc3 e5 6. Ndb5 d6 7. Bg5
a6 8. Na3 b5 9. Nd5 Be7 10. Bxf6 Bxf6 11. c3 Bg5 12. Nc2 O-O 13. a4
bxa4 14. Rxa4 a5 15. Bc4 Rb8 16. b3 Kh8 17. O-O f5 18. exf5 Bxf5 19.
Qe2 Qd7 20. Nde3 Be6 21. Rd1 Bxe3 22. Nxe3 Rxb3 23. Bxe6 Qxe6 24. Qc4
Qxc4 25. Rxc4 Na7 26. Rxd6 Nb5 27. Rdc6 Kg8 1/2-1/2
*

[Event "WCC2002"]
[Site "Hyderabad"]
[Date "2002.10.10"]
[Round "1"]
[White "Xu, Jun"]
[Black "Anand, Viswanathan"]
[Result "1/2-1/2"]
[WhiteElo "2643"]
[WhiteCountry "CHN"]
[BlackElo "2755"]
[BlackCountry "IND"]
[Remark "WCC2002"]
[PresId "109"]

1. d4 Nf6 2. c4 e6 3. Nc3 Bb4 4. Qc2 O-O 5. a3 Bxc3+ 6. Qxc3 b6 7. Bg5
Bb7 8. f3 h6 9. Bh4 d5 10. e3 Nbd7 11. cxd5 Nxd5 12. Bxd8 Nxc3 13. Bh4
Nd5 14. Bf2 c5 15. e4 Nf4 16. Be3 Ng6 17. Ne2 Rac8 18. Rd1 Rfd8
1/2-1/2
*

[Event "WCC2002"]
[Site "Hyderabad"]
[Date "2002.10.10"]
[Round "1"]
[White "Ganguly, Surya Shekhar"]
[Black "Beliavsky, Alexander G"]
[Result "0-1"]
[WhiteElo "2531"]
[WhiteCountry "IND"]
[BlackElo "2650"]
[BlackCountry "SLO"]
[Remark "WCC2002"]
[PresId "110"]

1. e4 e5 2. Nf3 Nc6 3. Bb5 a6 4. Ba4 Nf6 5. O-O Be7 6. Re1 b5 7. Bb3
d6 8. c3 O-O 9. h3 Nb8 10. d4 Nbd7 11. Nbd2 Bb7 12. Bc2 Re8 13. Nf1
Bf8 14. Ng3 g6 15. a4 c5 16. d5 c4 17. Bg5 h6 18. Be3 Nc5 19. Qd2 h5
20. Bg5 Be7 21. Ra3 Rb8 22. Rea1 Nh7 23. Be3 Bf6 24. Qe2 Bc8 25. axb5
axb5 26. Nd2 Bg5 27. Ra7 Bxe3 28. Qxe3 Re7 29. Rxe7 Qxe7 30. f4 exf4
31. Qxf4 Qf6 32. Qe3 Qg5 33. Qf2 Bd7 34. Nf3 Qe7 35. Ra7 Ng5 36. Nd4
h4 37. Nc6 Qe8 38. Nxb8 Qxb8 39. Rxd7 hxg3 40. Qxg3 Ngxe4 41. Bxe4
Nxd7 42. h4 Ne5 43. h5 Kg7 44. Qg5 Qa7+ 45. Kh2 Qf2 46. hxg6 fxg6 47.
Qc1 0-1
*

[Event "WCC2002"]
[Site "Hyderabad"]
[Date "2002.10.10"]
[Round "1"]
[White "Ehlvest, Jaan"]
[Black "Harikrishna, P"]
[Result "1-0"]
[WhiteElo "2600"]
[WhiteCountry "EST"]
[BlackElo "2551"]
[BlackCountry "IND"]
[Remark "WCC2002"]
[PresId "112"]

1. c4 e5 2. Nc3 Nf6 3. Nf3 Nc6 4. e4 Bb4 5. d3 d6 6. g3 h6 7. Bg2
Bxc3+ 8. bxc3 Be6 9. Nd2 h5 10. Rb1 b6 11. h4 Nd7 12. Nf1 Ne7 13. Ne3
f6 14. d4 Nf8 15. Rb2 Qc8 16. f4 Nd7 17. Qa4 c6 18. Rd2 Qc7 19. Ba3 b5
20. Qd1 bxc4 21. O-O exf4 22. gxf4 f5 23. d5 cxd5 24. exf5 Bf7 25.
Nxd5 Bxd5 26. Rxd5 O-O 27. Bxd6 Qb6+ 28. Kh1 Nxf5 29. Rxf5 Rxf5 30.
Bxa8 Qd8 31. Be4 Qxh4+ 32. Kg2 Rb5 33. Qe2 1-0
*

[Event "WCC2002"]
[Site "Hyderabad"]
[Date "2002.10.10"]
[Round "1"]
[White "Li, Ruofan"]
[Black "Cmilyte, Viktorija"]
[Result "1-0"]
[WhiteElo "2357"]
[WhiteCountry "CHN"]
[BlackElo "2460"]
[BlackCountry "LTU"]
[Remark "WCC2002"]
[PresId "113"]

1. e4 c5 2. Nf3 Nc6 3. Bb5 e6 4. O-O Nge7 5. b3 a6 6. Bxc6 Nxc6 7. Bb2
b5 8. c4 bxc4 9. bxc4 Qb6 10. Bc3 Nd4 11. Na3 Be7 12. Rb1 Qc7 13. Nc2
Nxf3+ 14. Qxf3 O-O 15. Ne3 Bb7 16. Qg4 f6 17. d3 Rab8 18. f4 Bc6 19.
Rbd1 Bd6 20. Rf3 Rf7 21. Qh4 Qd8 22. Rh3 h6 23. Qg4 Kf8 24. Rf1 Qe7
25. Qg6 Bc7 26. Ng4 d6 27. Nxh6 gxh6 28. Rxh6 Ke8 29. Rh7 Bd8 30. e5
dxe5 31. fxe5 f5 32. Rxf5 Rb1+ 33. Kf2 exf5 34. e6 1-0
*

[Event "WCC2002"]
[Site "Hyderabad"]
[Date "2002.10.10"]
[Round "1"]
[White "Kovalevskaya, Ekaterina"]
[Black "Harika, Dronavalli"]
[Result "1-0"]
[WhiteElo "2482"]
[WhiteCountry "RUS"]
[BlackElo "2223"]
[BlackCountry "IND"]
[Remark "WCC2002"]
[PresId "114"]

1. e4 c5 2. Nf3 Nc6 3. Bb5 g6 4. O-O Bg7 5. c3 Nf6 6. Re1 O-O 7. h3 e5
8. d4 cxd4 9. cxd4 exd4 10. e5 Nd5 11. Bg5 Qb6 12. a4 a6 13. Bc4 Nc7
14. Nbd2 Re8 15. Rc1 Nxe5 16. Nxe5 Rxe5 17. Bd8 d5 18. Be2 Qxb2 19.
Bxc7 Re8 20. Rb1 Qc3 21. Bf4 Bf5 22. Rc1 Qb4 23. Bf3 d3 24. g3 Bd7 25.
Bxd5 Rxe1+ 26. Qxe1 Re8 27. Ne4 Qd4 28. Bxb7 f5 29. Be3 Qe5 30. Ng5
Bxa4 31. Qb4 Bb5 32. Qb3+ 1-0
*

[Event "WCC2002"]
[Site "Hyderabad"]
[Date "2002.10.10"]
[Round "1"]
[White "Vijayalakshmi, Subbaraman"]
[Black "Pia, Cramling"]
[Result "1/2-1/2"]
[WhiteElo "2394"]
[WhiteCountry "IND"]
[BlackElo "2508"]
[BlackCountry "SWE"]
[Remark "WCC2002"]
[PresId "117"]

1. d4 d5 2. c4 dxc4 3. Nf3 c5 4. e3 cxd4 5. exd4 Be6 6. Nc3 Nf6 7. Ng5
Bd5 8. Nxd5 Qxd5 9. Be2 e6 10. O-O Be7 11. Be3 Nbd7 12. Qa4 O-O 13.
Bxc4 Nb6 14. Bxd5 Nxa4 15. Bf3 Nd5 16. Nh3 Rfd8 17. Nf4 Nxe3 18. fxe3
Nxb2 19. Rab1 Nc4 20. Rxb7 Bd6 21. Ne2 Nxe3 22. Rc1 Nf5 23. Rc4 g6 24.
Ra4 a6 25. g3 Bf8 26. Kg2 Bg7 27. Rc7 Rac8 28. Rxc8 Rxc8 29. Be4 Rd8
30. Bxf5 gxf5 31. Kf3 Rd6 32. Ke3 Bf6 33. h4 Kg7 34. Nf4 Kh6 35. d5 e5
36. Nd3 Kh5 37. Nb4 Rb6 38. Rxa6 Rxb4 39. Rxf6 Kg4 40. Rxf7 Re4+ 41.
Kf2 Ra4 42. Rg7+ Kh3 43. Rg5 Rxa2+ 44. Kf1 e4 45. h5 Rd2 46. Rxf5 Kxg3
47. Ke1 Rd3 48. h6 Kg4 49. Rf7 Rxd5 50. Ke2 Rh5 51. Rxh7 Kf5 52. Rh8
Rh2+ 53. Ke3 Rh3+ 54. Ke2 Rh2+ 55. Ke3 Rh3+ 1/2-1/2
*

[Event "WCC2002"]
[Site "Hyderabad"]
[Date "2002.10.10"]
[Round "1"]
[White "Swathi, Ghate"]
[Black "Khurtsidze, Nino"]
[Result "1-0"]
[WhiteElo "2247"]
[WhiteCountry "IND"]
[BlackElo "2455"]
[BlackCountry "GEO"]
[Remark "WCC2002"]
[PresId "118"]

1. e4 c5 2. Nf3 e6 3. d4 cxd4 4. Nxd4 a6 5. Bd3 b5 6. O-O Bb7 7. a3
Qc7 8. Qe2 d6 9. Nc3 Nf6 10. f4 Nbd7 11. Kh1 g6 12. a4 b4 13. Na2 e5
14. Nb3 a5 15. c3 bxc3 16. Nxc3 Be7 17. Nb5 Qd8 18. f5 d5 19. Bg5 dxe4
20. Bc4 O-O 21. Rad1 Nh5 22. Bxe7 Qxe7 23. fxg6 hxg6 24. Qg4 Rad8 25.
Qxg6+ Ng7 26. Nd6 e3 27. Bxf7+ Rxf7 28. Rxf7 Qxf7 29. Qxf7+ Kh8 30.
Nxb7 e2 31. Re1 Rf8 32. Qc4 1-0
*

[Event "WCC2002"]
[Site "Hyderabad"]
[Date "2002.10.10"]
[Round "1"]
[White "Koneru, Humpy"]
[Black "Ioseliani, Nana"]
[Result "1-0"]
[WhiteElo "2484"]
[WhiteCountry "IND"]
[BlackElo "2491"]
[BlackCountry "GEO"]
[Remark "WCC2002"]
[PresId "120"]

1. d4 d5 2. Nf3 Nf6 3. c4 e6 4. Nc3 Be7 5. cxd5 exd5 6. Bg5 c6 7. Qc2
O-O 8. e3 Re8 9. Bd3 Nbd7 10. O-O Nf8 11. h3 Ng6 12. Bxf6 Bxf6 13. b4
a6 14. a4 Be7 15. Rab1 Bd6 16. Bf5 Qf6 17. Bxc8 Raxc8 18. b5 a5 19.
bxc6 bxc6 20. Qd3 Nh4 21. Nxh4 Qxh4 22. Qa6 Qf6 23. Rb6 Ra8 24. Qd3
Qe6 25. Rfb1 Bc7 26. Rb7 Qd6 27. g3 Rac8 28. Kg2 g6 29. Ne2 Qe6 30.
Ra7 h5 31. h4 Bd6 32. Rbb7 Re7 33. Rxe7 Bxe7 34. Nf4 Qf6 35. Qa6 Re8
36. Rc7 Bb4 37. Qxc6 Qxc6 38. Rxc6 Rd8 39. Rb6 Kg7 40. Rb5 Rc8 41.
Nxd5 Bd2 42. Rc5 Rb8 43. Rc2 Be1 44. Kf1 Rb1 45. Ke2 Bb4 46. Nxb4 Rxb4
47. Ra2 Kf6 48. Kd3 Ke6 49. Kc3 Kd5 50. f3 f5 51. Ra1 Kd6 52. e4 Kc6
53. Ra3 Kd7 54. Kd3 Kd6 55. Ke3 Kd7 56. e5 Ke6 57. Rc3 Rxa4 58. Rc6+
Kf7 59. Rf6+ Kg7 60. Ra6 Kf7 61. d5 Ra3+ 62. Kf4 a4 63. Ra7+ Ke8 64.
d6 1-0
*

[Event "WCC2002"]
[Site "Hyderabad"]
[Date "2002.10.10"]
[Round "1"]
[White "Ramaswamy, Aarthie"]
[Black "Dworakowska, Joanna"]
[Result "0-1"]
[WhiteElo "2271"]
[WhiteCountry "IND"]
[BlackElo "2389"]
[BlackCountry "POL"]
[Remark "WCC2002"]
[PresId "125"]

1. e4 c5 2. Nf3 d6 3. d4 cxd4 4. Nxd4 Nf6 5. Nc3 a6 6. Be3 e5 7. Nb3
Be7 8. f3 Be6 9. Qd2 O-O 10. O-O-O Nbd7 11. g4 Qc7 12. h4 Rfc8 13. Kb1
b5 14. Nd5 Bxd5 15. exd5 Nb6 16. Bxb6 Qxb6 17. Qe1 a5 18. g5 a4 19.
Nc1 Qc5 20. Rh2 Nxd5 21. Qe4 Ne3 22. Bd3 g6 23. Re1 Nc4 24. h5 Bxg5
25. hxg6 hxg6 26. Qg4 Qd4 27. Qxd4 exd4 28. Reh1 Bf6 29. f4 Rc5 30.
Ne2 Re8 31. Ng3 Bg7 32. Rg1 Rc7 33. f5 Rce7 34. Rhh1 Nd2+ 35. Ka1 Nf3
36. Rf1 Re1+ 37. Rxe1 Rxe1+ 38. Rxe1 Nxe1 39. Bxb5 a3 40. Kb1 Be5 41.
Nf1 g5 42. bxa3 g4 43. a4 g3 44. Nxg3 Bxg3 45. a5 d3 46. cxd3 Kg7 47.
Kb2 Bf2 48. Kc3 Nf3 49. Kc4 Bc5 50. Kd5 Nd4 51. Bd7 Kf6 52. Ke4 Ke7
53. Ba4 Ne2 54. Bb3 Kf6 55. a6 Ng3+ 56. Kd5 Nxf5 57. Kc6 Nd4+ 58. Kd7
Kg6 59. Bd5 f5 60. a4 Kf6 61. a7 Bxa7 62. Kxd6 Bb6 63. Bh1 f4 64. Kd5
Nb3 65. Kc4 Na5+ 66. Kb5 Bd8 67. d4 Kf5 68. Bf3 Nb3 69. Bh1 Nxd4+ 70.
Kc4 Ke5 71. Kb4 Nc2+ 72. Kc3 Ne3 73. Kb4 Nd5+ 74. Kb5 Nc3+ 75. Kb4 Kd4
76. a5 Be7+ 77. Kb3 Bc5 78. a6 Nb5 79. Bg2 Na7 80. Bh1 Kd3 81. Bd5 Nc8
82. Bc4+ Kd4 83. Be2 Ke3 84. Bg4 Nd6 85. Kc3 Ba7 86. Kb4 Kd4 87. Bf3
Bc5+ 88. Kb3 Ke3 89. Bg4 f3 90. Bxf3 Kxf3 91. a7 Bxa7 92. Kb4 Bb6 93.
Kc3 Ke2 94. Kc2 Bd4 95. Kb3 Kd3 96. Kb4 Bb6 97. Kb3 Nb5 98. Ka4 Nd4
99. Kb4 Ke3 100. Kc3 Ke4 101. Kc4 Ne6 102. Kb5 Be3 103. Kc6 Ke5 104.
Kb5 Kd5 105. Kb4 Bc5+ 106. Kc3 Nf4 107. Kb3 Kd4 108. Ka4 Kc4 109. Ka5
Ne6 110. Ka6 Nd8 111. Ka5 Be3 112. Ka6 Kc5 113. Ka5 Bf4 114. Ka4 Kc4
115. Ka5 Bc7+ 116. Ka6 Kc5 117. Ka7 Kc6 118. Ka8 Nf7 119. Ka7 Ne5 120.
Ka6 Bb8 121. Ka5 Nd3 122. Ka4 Kc5 123. Kb3 Kd4 124. Kc2 Bf4 125. Kb3
Bd2 126. Kc2 Ba5 127. Kb3 Nc5+ 128. Kc2 Ke3 129. Kd1 Kd3 130. Kc1 Bc3
131. Kd1 Na4 132. Kc1 Bd2+ 133. Kb1 Kc3 134. Ka2 Nb6 135. Ka3 Kc2 136.
Ka2 Bc1 137. Ka1 Nd5 138. Ka2 Nc3+ 0-1
*

[Event "WCC2002"]
[Site "Hyderabad"]
[Date "2002.10.11"]
[Round "2"]
[White "Ye, Jiangchuan"]
[Black "Macieja, Bartlomiej"]
[Result "1/2-1/2"]
[WhiteElo "2667"]
[WhiteCountry "CHN"]
[BlackElo "2615"]
[BlackCountry "POL"]
[Remark "WCC2002"]
[PresId "23"]

1. e4 e5 2. Nf3 Nf6 3. Nxe5 d6 4. Nf3 Nxe4 5. Bd3 Nf6 6. h3 Nbd7 7. c3
Nc5 8. Be2 d5 9. O-O Bd6 10. d4 Nce4 11. c4 1/2-1/2
*

[Event "WCC2002"]
[Site "Hyderabad"]
[Date "2002.10.11"]
[Round "2"]
[White "Al-Modiahki, Mohamad"]
[Black "Hamdouchi, Hichem"]
[Result "1-0"]
[WhiteElo "2550"]
[WhiteCountry "QAT"]
[BlackElo "2593"]
[BlackCountry "MAR"]
[Remark "WCC2002"]
[PresId "27"]

1. e4 c5 2. Nf3 d6 3. d4 cxd4 4. Nxd4 Nf6 5. Nc3 a6 6. f4 Qc7 7. Be2
g6 8. g4 b5 9. g5 Nfd7 10. a4 bxa4 11. Nd5 Qd8 12. Rxa4 e6 13. Nc3 Nb6
14. Ra2 Be7 15. h4 O-O 16. h5 e5 17. hxg6 fxg6 18. Nd5 exd4 19. Qxd4
Be6 20. Qxb6 Qxb6 21. Nxb6 Bxa2 22. Nxa8 Nd7 23. b3 Rxa8 24. Bc4+ Kf8
25. Rxh7 Ke8 26. f5 gxf5 27. g6 Bf6 28. g7 Bxg7 29. Rxg7 fxe4 30. Bh6
Ra7 31. Rg8+ 1-0
*

[Event "WCC2002"]
[Site "Hyderabad"]
[Date "2002.10.11"]
[Round "2"]
[White "Beliavsky, Alexander G"]
[Black "Harikrishna, p"]
[Result "1-0"]
[WhiteElo "2650"]
[WhiteCountry "SLO"]
[BlackElo "2551"]
[BlackCountry "IND"]
[Remark "WCC2002"]
[PresId "210"]

1. d4 Nf6 2. c4 e6 3. Nf3 b6 4. g3 Bb7 5. Bg2 Be7 6. Nc3 Ne4 7. Bd2
O-O 8. d5 Nxc3 9. Bxc3 Bf6 10. Rc1 c6 11. Nd4 exd5 12. cxd5 c5 13. Nf5
Bxc3+ 14. Rxc3 Qf6 15. e4 Ba6 16. f4 d6 17. g4 g6 18. g5 Qd8 19. Nh6+
Kg7 20. h4 Qe8 21. h5 Qb5 22. Qd2 Nd7 23. Rch3 Rae8 24. hxg6 fxg6 25.
Kd1 Qa4+ 26. b3 Qd4 27. Qxd4+ cxd4 28. Nf5+ gxf5 29. Rxh7+ Kg8 30.
Rh8+ Kg7 31. R1h7+ Kg6 32. Rh6+ Kg7 33. R8h7+ Kg8 34. exf5 Rxf5 35.
Rh8+ Kf7 36. R6h7+ Kg6 37. Rxe8 Nc5 38. Rhh8 Rxf4 39. Reg8+ Kf5 40.
Rf8+ Kg4 41. Rxf4+ Kxf4 42. g6 Ke3 43. Re8+ 1-0
*

[Event "WCC2002"]
[Site "Hyderabad"]
[Date "2002.10.11"]
[Round "2"]
[White "Short, Nigel D"]
[Black "Ehlvest, Jann"]
[Result "1/2-1/2"]
[WhiteElo "2684"]
[WhiteCountry "ENG"]
[BlackElo "2600"]
[BlackCountry "EST"]
[Remark "WCC2002"]
[PresId "211"]

1. e4 c5 2. Nf3 d6 3. d4 cxd4 4. Nxd4 Nf6 5. f3 Nc6 6. c4 Nxd4 7. Qxd4
g6 8. Nc3 Bg7 9. Be2 O-O 10. Qe3 Be6 11. Bd2 a6 12. Rd1 Qb8 13. a4 Qc7
14. b3 b6 15. O-O Qc5 16. Kh1 Qxe3 17. Bxe3 Rfb8 18. Rb1 Kf8 19. Rfc1
Bd7 20. g4 Bc6 21. Kg1 Nd7 22. h4 Nc5 23. Kf1 h6 24. Nd1 e6 25. Nf2
Rd8 26. Bd1 Rac8 27. Be2 1/2-1/2
*

[Event "WCC2002"]
[Site "Hyderabad"]
[Date "2002.10.11"]
[Round "2"]
[White "Cmilyte, Viktorija"]
[Black "Chiburdanidze, Maia"]
[Result "1/2-1/2"]
[WhiteElo "2460"]
[WhiteCountry "LTU"]
[BlackElo "2497"]
[BlackCountry "GEO"]
[Remark "WCC2002"]
[PresId "213"]

1. d4 Nf6 2. c4 e6 3. Nf3 b6 4. a3 Ba6 5. Qc2 Bb7 6. Nc3 c5 7. e4 cxd4
8. Nxd4 Nc6 9. Nxc6 Bxc6 10. Qe2 Qc7 11. g3 Bc5 12. Bg2 Bd4 13. Bd2
Qb7 14. Nb5 Bxb5 15. cxb5 Bxb2 16. Ra2 Bd4 17. O-O d5 18. exd5 Nxd5
19. Qg4 Bf6 20. Bb4 h5 21. Qe2 Be7 22. Rd2 Kf8 23. Qe5 Re8 24. Re1
Bxb4 25. axb4 Qe7 26. Bxd5 exd5 27. Rxd5 Qxe5 28. Rdxe5 Rxe5 29. Rxe5
h4 30. Kg2 hxg3 31. fxg3 Rh6 32. Rd5 Ke7 33. Rg5 Kf6 34. h4 Rh8 35.
Rd5 Rc8 36. Rd6+ Ke7 37. Rd4 Rc3 38. Rg4 g6 39. Re4+ Kd6 40. Rf4 Ke6
41. Re4+ 1/2-1/2
*

[Event "WCC2002"]
[Site "Hyderabad"]
[Date "2002.10.11"]
[Round "2"]
[White "Dronavalli, Harika"]
[Black "Matveeva, Svetlana"]
[Result "0-1"]
[WhiteElo "2248"]
[WhiteCountry "IND"]
[BlackElo "2465"]
[BlackCountry "RUS"]
[Remark "WCC2002"]
[PresId "214"]

1. Nf3 Nf6 2. c4 c5 3. Nc3 e6 4. g3 b6 5. Bg2 Bb7 6. O-O Be7 7. d4
cxd4 8. Qxd4 d6 9. Rd1 a6 10. b3 Nbd7 11. Bb2 Qc7 12. e4 O-O 13. Qe3
Rfe8 14. h3 Rac8 15. Rac1 Qb8 16. Nd4 Bf8 17. Re1 Qa8 18. Rcd1 Nc5 19.
Kh2 d5 20. e5 Nfe4 21. Nxe4 dxe4 22. Bf1 Red8 23. Ba1 Rd7 24. Rd2 Qb8
25. Red1 Qc7 26. Nc2 Nd3 27. Bxd3 exd3 28. Rxd3 Rxd3 29. Qxd3 b5 30.
Qd7 bxc4 31. bxc4 Bf3 32. Qxc7 Rxc7 33. Rd4 h5 34. Ne3 Rb7 35. Bc3 Rb1
36. Ng2 Bc5 37. Rd3 Be4 38. Rd8+ Kh7 39. Rd2 Rc1 40. Bd4 Bb4 41. Re2
Bd3 42. Rb2 Rxc4 43. Be3 Be4 44. Nf4 h4 45. Bd2 Bc5 46. Ba5 Bd4 47.
Rd2 hxg3+ 48. fxg3 Rc1 49. g4 Bxe5 50. Rf2 g5 51. Bd2 Rc2 52. Kg3 Rxd2
0-1
*

[Event "WCC2002"]
[Site "Hyderabad"]
[Date "2002.10.11"]
[Round "2"]
[White "Li, Ruofan"]
[Black "Kovalevskaya, Ekaterina"]
[Result "1/2-1/2"]
[WhiteElo "2357"]
[WhiteCountry "CHN"]
[BlackElo "2466"]
[BlackCountry "RUS"]
[Remark "WCC2002"]
[PresId "215"]

1. e4 c5 2. Nf3 Nc6 3. Bb5 g6 4. Bxc6 bxc6 5. O-O Bg7 6. Re1 Nh6 7. c3
O-O 8. d4 cxd4 9. cxd4 f6 10. b3 d6 11. h3 Nf7 12. Bb2 Re8 13. Nbd2
Be6 14. Rc1 Rc8 15. Nc4 d5 16. exd5 Bxd5 17. Ba3 Rc7 18. Bc5 Rd7 19.
Qe2 e5 20. dxe5 fxe5 21. Nfd2 e4 22. Qg4 Nh6 23. Qf4 Nf5 24. Rc2 Rf7
25. Qg4 Nd4 26. Bxd4 Bxd4 27. Nxe4 Rxe4 28. Rxe4 Bxe4 29. Qxe4 Bxf2+
30. Kh2 Qd1 31. Qe8+ Kg7 32. Qe5+ Kg8 33. Qe8+ Kg7 34. Qe5+ Kg8 35.
Qe8+ 1/2-1/2
*

[Event "WCC2002"]
[Site "Hyderabad"]
[Date "2002.10.11"]
[Round "2"]
[White "Xu, Yuhua"]
[Black "Khurtsidze, Nino"]
[Result "1/2-1/2"]
[WhiteElo "2473"]
[WhiteCountry "CHN"]
[BlackElo "2455"]
[BlackCountry "GEO"]
[Remark "WCC2002"]
[PresId "216"]

1. e4 c5 2. Nf3 e6 3. d4 cxd4 4. Nxd4 a6 5. Nc3 b5 6. Bd3 Qb6 7. Nf3
Nc6 8. O-O Nge7 9. Re1 Ng6 10. Nd5 Qd8 11. a4 Rb8 12. axb5 axb5 13.
Nc3 b4 14. Nb5 Bc5 15. Be3 Bxe3 16. Rxe3 O-O 17. Nd6 Qc7 18. Bf1 Rb6
19. Nc4 Ra6 20. Rxa6 Bxa6 21. Qd6 Qxd6 22. Nxd6 Ra8 23. g3 Kf8 24.
Bxa6 Rxa6 25. Nc4 Ke7 26. Kf1 f6 27. Ke2 Ra1 28. Rd3 Nge5 29. Nfxe5
fxe5 30. c3 bxc3 31. bxc3 Rb1 32. h4 Rb5 33. Nd6 Rb2+ 34. Ke3 Na5 35.
Nc8+ Kd8 36. Nd6 Ke7 37. Nc8+ Kd8 38. Nd6 Ke7 1/2-1/2
*

[Event "WCC2002"]
[Site "Hyderabad"]
[Date "2002.10.11"]
[Round "2"]
[White "Pia, Cramling"]
[Black "Swathi, Ghate"]
[Result "1-0"]
[WhiteElo "2508"]
[WhiteCountry "SWE"]
[BlackElo "2247"]
[BlackCountry "IND"]
[Remark "WCC2002"]
[PresId "217"]

1. d4 d5 2. Nf3 e6 3. g3 b6 4. Bg2 Bb7 5. O-O Nf6 6. c4 Nbd7 7. cxd5
exd5 8. Nc3 Be7 9. Bf4 c6 10. Qc2 O-O 11. Rad1 Re8 12. a3 h6 13. Rfe1
Ne4 14. Nxe4 dxe4 15. Ne5 Nxe5 16. dxe5 Qc8 17. Bxe4 c5 18. Bh7+ Kh8
19. Bf5 Qc6 20. e4 Rad8 21. Qc4 g6 22. Qxf7 gxf5 23. e6 Qxe4 24. Rxe4
Rxd1+ 25. Kg2 Bxe4+ 26. f3 1-0
*

[Event "WCC2002"]
[Site "Hyderabad"]
[Date "2002.10.11"]
[Round "2"]
[White "Stefanova, Antoaneta"]
[Black "Vijayalakshmi, Subbarama"]
[Result "1-0"]
[WhiteElo "2541"]
[WhiteCountry "BUL"]
[BlackElo "2394"]
[BlackCountry "IND"]
[Remark "WCC2002"]
[PresId "218"]

1. d4 Nf6 2. Bg5 e6 3. Nd2 c5 4. e3 Be7 5. c3 b6 6. Ngf3 Bb7 7. Bd3
Nc6 8. O-O d5 9. a3 O-O 10. Qb1 h6 11. Bh4 Nh5 12. Bxe7 Qxe7 13. b4 e5
14. b5 Nxd4 15. exd4 e4 16. Re1 Qc7 17. Nxe4 dxe4 18. Bxe4 Bxe4 19.
Qxe4 Nf6 20. Qe5 Qd7 21. a4 Rfc8 22. Qe2 cxd4 23. cxd4 Rc3 24. Qb2 Nd5
25. Ne5 Qf5 26. Qb1 Qxb1 27. Rexb1 f6 28. Nf3 a6 29. a5 axb5 30. Rxb5
Rxa5 31. Rbxa5 bxa5 32. h4 Nf4 33. Rxa5 Rc1+ 34. Kh2 Rc2 35. h5 Nd3
36. Nh4 Nxf2 37. Ng6 Rc7 38. Ra8+ Kf7 39. d5 Ng4+ 40. Kg3 Rc3+ 41.
Kxg4 f5+ 42. Kf4 Rc4+ 43. Kxf5 1-0
*

[Event "WCC2002"]
[Site "Hyderabad"]
[Date "2002.10.11"]
[Round "2"]
[White "Kosteniuk, Alexandra"]
[Black "Krush, Irina"]
[Result "1/2-1/2"]
[WhiteElo "2455"]
[WhiteCountry "RUS"]
[BlackElo "2403"]
[BlackCountry "USA"]
[Remark "WCC2002"]
[PresId "219"]

1. e4 c5 2. Nf3 Nc6 3. d4 cxd4 4. Nxd4 Nf6 5. Nc3 e5 6. Ndb5 d6 7. Bg5
a6 8. Na3 b5 9. Bxf6 gxf6 10. Nd5 f5 11. Bd3 Be6 12. O-O f4 13. c4 b4
14. Qa4 Rc8 15. Nxb4 Bd7 16. Nxc6 Rxc6 17. Rfd1 d5 18. exd5 Rh6 19.
Qb3 Bc5 20. Rd2 O-O 21. Nc2 Qh4 22. Ne1 Qxh2+ 23. Kf1 Bg4 24. f3 Qg3
25. Ke2 Rh1 26. Bxh7+ Kxh7 27. fxg4 Qf2+ 28. Kd3 Qe3+ 29. Kc2 Rxe1 30.
Rxe1 Qxe1 31. Qd3+ e4 32. Qh3+ Kg7 33. Qh5 Be7 34. d6 Bf6 35. g5 Bxb2
36. Qd1 Qxd1+ 37. Rxd1 Be5 38. Rd5 f6 39. d7 Rd8 40. c5 Bc7 41. c6 Kg6
42. Rd4 f5 43. Rb4 Kxg5 44. Rb7 Bd6 45. Kc3 Kg4 46. Kd4 f3 47. gxf3+
exf3 48. Kd5 f2 49. Kxd6 f1Q 50. Kc7 Rf8 51. Rb4+ Kg5 52. d8Q+ Rxd8
53. Kxd8 Qd3+ 54. Kc8 Qd6 55. Rb6 f4 56. Kb7 f3 57. c7 Qd7 58. Rb2 Qd4
59. Rb3 Qd5+ 60. Kb8 Qd6 61. Rxf3 Qb6+ 62. Kc8 Qe6+ 63. Kb8 Qb6+
1/2-1/2
*

[Event "WCC2002"]
[Site "Hyderabad"]
[Date "2002.10.11"]
[Round "2"]
[White "Ioseliani, Nana"]
[Black "Bhagyashree, Thipsay"]
[Result "1-0"]
[WhiteElo "2491"]
[WhiteCountry "GEO"]
[BlackElo "2256"]
[BlackCountry "IND"]
[Remark "WCC2002"]
[PresId "220"]

1. d4 d5 2. Nf3 c6 3. e3 Nf6 4. c4 a6 5. a4 e6 6. Bd3 dxc4 7. Bxc4 c5
8. O-O Nc6 9. Qe2 cxd4 10. Rd1 Qc7 11. exd4 Be7 12. Nc3 O-O 13. Bg5
Nb4 14. Rac1 Qa5 15. Ne5 Nfd5 16. Bd2 Qd8 17. Ne4 Bd7 18. Nc5 Bc8 19.
Qg4 Nf6 20. Qg3 Nbd5 21. Bd3 b6 22. Nc6 Qd6 23. Nxe7+ Qxe7 24. Ne4
Nxe4 25. Bxe4 Ra7 26. Re1 Bb7 27. Bg5 f6 28. Bf5 Bc8 29. Qh3 g6 30.
Bxe6+ Bxe6 31. Rxe6 Qb4 32. Bh6 Qxb2 33. Ree1 Rd8 34. Qe6+ 1-0
*

[Event "WCC2002"]
[Site "Hyderabad"]
[Date "2002.10.11"]
[Round "2"]
[White "Stepovaya, Tatiana"]
[Black "Koneru, Humpy"]
[Result "0-1"]
[WhiteElo "2398"]
[WhiteCountry "RUS"]
[BlackElo "2484"]
[BlackCountry "IND"]
[Remark "WCC2002"]
[PresId "221"]

1. e4 e5 2. Nf3 Nf6 3. Nxe5 d6 4. Nf3 Nxe4 5. d4 d5 6. Bd3 Nc6 7. O-O
Be7 8. c4 Nb4 9. Be2 O-O 10. a3 Nc6 11. cxd5 Qxd5 12. Nc3 Nxc3 13.
bxc3 Bf5 14. Bf4 Bd6 15. c4 Qe4 16. Be3 Rad8 17. Ra2 b6 18. Qc1 Na5
19. Qc3 Be7 20. Ne5 Qa8 21. g4 Be4 22. f3 Bb7 23. f4 f6 24. Nf3 Qc8
25. f5 Rfe8 26. Nh4 Qd7 27. Ng2 Bd6 28. c5 Bxh2+ 29. Kxh2 Qd5 30. Bf3
Qxa2 31. c6 Bxc6 32. Bxc6 Nxc6 33. Qxc6 Rxe3 34. Qxc7 Ree8 35. Qc3 Re4
36. Qf3 Rexd4 37. Rf2 Rd2 38. Rxd2 Qxd2 0-1
*

[Event "WCC2002"]
[Site "Hyderabad"]
[Date "2002.10.11"]
[Round "2"]
[White "Peng, Zhaoqin"]
[Black "Dworakowska, Joanna"]
[Result "1-0"]
[WhiteElo "2443"]
[WhiteCountry "NED"]
[BlackElo "2389"]
[BlackCountry "POL"]
[Remark "WCC2002"]
[PresId "222"]

1. d4 f5 2. Nf3 Nf6 3. c4 g6 4. b4 d6 5. Bb2 Bg7 6. e3 O-O 7. Nbd2 Qe8
8. Be2 Nc6 9. b5 Nd8 10. O-O Nf7 11. Qb3 Kh8 12. Rac1 g5 13. Qc2 e5
14. dxe5 dxe5 15. c5 g4 16. Nh4 e4 17. c6 bxc6 18. Qxc6 Bd7 19. Qxc7
Ng5 20. Rfd1 Rc8 21. Qd6 Rd8 22. Nf1 Qh5 23. Nxf5 Nf3+ 24. Bxf3 Qxf5
25. Ng3 Qxb5 26. Bxf6 Bxf6 27. Bxe4 Qb2 28. Rc2 Qb5 29. Rcd2 Qa5 30.
Qd5 Qc7 31. Qh5 Bc8 32. Rxd8 Bxd8 33. Qh6 Re8 34. Bf5 Bb7 35. Bxg4 Qc2
36. Rxd8 Qb1+ 37. Nf1 Rxd8 38. Qf6+ Kg8 39. Be6# 1-0
*

[Event "WCC2002"]
[Site "Hyderabad"]
[Date "2002.10.11"]
[Round "2"]
[White "Meenakshi, S"]
[Black "Ramaswamy, Aarthie"]
[Result "1/2-1/2"]
[WhiteElo "2309"]
[WhiteCountry "IND"]
[BlackElo "2271"]
[BlackCountry "IND"]
[Remark "WCC2002"]
[PresId "223"]

1. b3 e5 2. Bb2 Nc6 3. e3 Nf6 4. Bb5 d6 5. Bxc6+ bxc6 6. Ne2 Be7 7. c4
O-O 8. d4 exd4 9. Nxd4 c5 10. Nc6 Qd7 11. Qf3 Ng4 12. Nxe7+ Qxe7 13.
O-O Rb8 14. Nc3 f5 15. Nd5 Qf7 16. Qg3 Be6 17. Rad1 Qd7 18. Qf3 Qf7
19. Qg3 Qd7 20. Qf4 a5 21. h3 Bxd5 22. Rxd5 Nh6 23. Rfd1 Qf7 24. Bc3
Ra8 25. Qh4 Rfe8 26. Qg3 Qg6 27. Qf3 Qe6 28. Kf1 a4 29. R5d3 axb3 30.
axb3 Ra3 31. Qb7 Qc8 32. Qd5+ Qe6 33. Qxe6+ Rxe6 34. b4 cxb4 35. Bxb4
Ra4 36. Rb1 Re4 37. Rd4 c5 38. Rxe4 fxe4 39. Bc3 Rxc4 40. Rb8+ Kf7 41.
Rb7+ Ke6 42. Bxg7 Nf5 43. g4 Nh4 44. Bb2 Nf3 45. Kg2 Rc2 46. Kg3 Ne1
47. Bh8 Nd3 48. f3 exf3 49. Kxf3 Ne1+ 50. Kf4 Rf2+ 51. Kg3 Rf3+ 52.
Kh2 Rxe3 53. Rg7 c4 54. h4 c3 55. h5 c2 56. Rc7 Re2+ 57. Kh3 Nd3 58.
h6 Re1 1/2-1/2
*